| 000 | 00791cam a22002891 4500 | ||
|---|---|---|---|
| 001 | 80 | ||
| 003 | BD-RjUL | ||
| 005 | 20211208233116.0 | ||
| 008 | 131116s1966 enk b 000 0 eng d | ||
| 035 | _a(BD-RjUL)89 | ||
| 035 | _a(OCoLC)366349 | ||
| 040 |
_aDLC _cBD-RjUL _dBD-RjUL _beng |
||
| 041 | _aeng | ||
| 082 | 0 | 0 |
_a160 _216 _bAMB 1966 |
| 100 | 1 |
_aAmbrose, Alice, _d1906- _9279 |
|
| 245 | 1 | 0 |
_aEssays in analysis / _c Alice Ambrose |
| 260 |
_aLondon : _bAllen & Unwin, _aNew York : _bHumanities P., _cc1966. |
||
| 300 |
_a263 p ; _c23 cm. |
||
| 504 | _aIncludes indexs. | ||
| 526 | _bPhilosophy | ||
| 650 | 0 |
_aPhilosophy. _9281 |
|
| 650 | 0 |
_aAnalysis (Philosophy) _9282 |
|
| 942 |
_2ddc _cBK |
||
| 999 |
_c80 _d80 |
||